Experimental organic chemistry :a miniscale & microscale approach. (Record no. 2641)
[ view plain ]
| 000 -LEADER | |
|---|---|
| fixed length control field | 01027nac a22002531u 4500 |
| 010 ## - | |
| -- | 2005934291 |
| 020 ## - INTERNATIONAL STANDARD BOOK NUMBER | |
| International Standard Book Number | 049501334X |
| 082 00 - DEWEY DECIMAL CLASSIFICATION NUMBER | |
| Classification number | 547.0078 |
| Item number | G3721 |
| 090 ## - LOCALLY ASSIGNED LC-TYPE CALL NUMBER (OCLC); LOCAL CALL NUMBER (OCLC) | |
| -- | 2641 |
| -- | 2641 |
| 100 ## - MAIN ENTRY--PERSONAL NAME | |
| Personal name | Gilbert, John C. |
| 245 10 - TITLE STATEMENT | |
| Title | Experimental organic chemistry :a miniscale & microscale approach. |
| Remainder of title | a miniscale & microscale approach. |
| Statement of responsibility, etc | John C. Gilbert ,Stephen F. Martin. |
| 250 ## - EDITION STATEMENT | |
| Edition statement | 4th ed. / |
| Remainder of edition statement | John C. Gilbert, Stephen F. Martin. |
| 260 ## - | |
| -- | Belmont, CA : |
| -- | Thomson Brooks/Cole,2006 |
| -- | c2006. |
| 300 ## - PHYSICAL DESCRIPTION | |
| Extent | xxi, 927 p. : |
| Other physical details | ill. ; |
| Dimensions | 29 cm. |
| 336 ## - CONTENT TYPE | |
| Source | rdacontent |
| Content type term | text |
| Content type code | txt |
| 337 ## - MEDIA TYPE | |
| Media type term | unmediated |
| Source | rdamedia |
| Media type code | n |
| 338 ## - CARRIER TYPE | |
| Carrier type term | volume |
| Carrier type code | nc |
| Source | rdacarrier |
| 490 0# - SERIES STATEMENT | |
| Series statement | Brooks/Cole laboratory series for organic chemistry |
| 504 ## - BIBLIOGRAPHY, ETC. NOTE | |
| Bibliography, etc | Includes bibliographical references and index. |
| 650 #0 - SUBJECT ADDED ENTRY--TOPICAL TERM | |
| Topical term or geographic name as entry element | Chemistry, Organic |
| Form subdivision | Laboratory manuals. |
| 700 1# - ADDED ENTRY--PERSONAL NAME | |
| Personal name | Martin, Stephen F. |
| 856 41 - ELECTRONIC LOCATION AND ACCESS | |
| Materials specified | Table of contents only |
| Uniform Resource Identifier | <a href="http://www.loc.gov/catdir/toc/fy0611/2005934291.html">http://www.loc.gov/catdir/toc/fy0611/2005934291.html</a> |
| 942 ## - ADDED ENTRY ELEMENTS (KOHA) | |
| Koha item type | Book - Borrowing |
| Call number prefix | 547.0078G3721 |
| Classification part | RDA-MOD |
| Withdrawn status | Lost status | Damaged status | Not for loan | Home library | Current library | Shelving location | Date acquired | Source of acquisition | Total Checkouts | Total Renewals | Full call number | Barcode | Checked out | Date last seen | Date checked out | Price effective from | Koha item type |
|---|---|---|---|---|---|---|---|---|---|---|---|---|---|---|---|---|---|
| Central Library | Central Library | First floor | 27/02/2007 | Purchase | 1 | 3 | 547.0078 GIL | 000001568 | 14/03/2020 | 23/03/2015 | 23/03/2015 | 27/02/2007 | Book - Borrowing |